000 00496nam a2200181Ia 4500
005 20250326124415.0
008 250326s9999 xx 000 0 und d
037 _aTextbook
040 _aFMSL
_beng
_cFMSL
041 _aeng
_2eng
084 _aX:74.1 L9
_qFMSL
100 _aHawkins R G
_9737341
245 0 _aResearch in international business and fice
_cHawkins R G
260 _aUSA
_bUSA, Jai
_c1979
300 _a331p
942 _cTB
_hX:74.1 L9
999 _c1273591
_d1273591